| 000 | 00522nam a2200181 a 4500 | ||
|---|---|---|---|
| 001 | 684 | ||
| 003 | CDMR | ||
| 005 | 20130314185314.0 | ||
| 008 | 130130s1986||||||||||||||||||||||||||||d | ||
| 020 | _a8429805192 | ||
| 040 |
_aCDMR _bcat _cCDMR |
||
| 100 | 1 |
_aAmetlla, Claudi _9525 |
|
| 245 | 1 | 0 |
_aDes de l'exili _cClaudi Ametlla i Coll ; pròleg de Josep Benet _b: els primers anys del franquisme |
| 260 |
_aBarcelona _c1986 _bSelecta |
||
| 300 |
_a194 p ; _c20 cm |
||
| 700 | 1 |
_9274 _aBenet i Jornet, Josep Maria |
|
| 942 |
_cMON _2udc |
||
| 999 |
_c684 _d684 |
||